| 000 | 00680nam a2200193 i 4500 | ||
|---|---|---|---|
| 001 | 86722 | ||
| 003 | ES-MaACL | ||
| 005 | 20230906175518.0 | ||
| 007 | t| | ||
| 008 | 041215s1958 sp ||||1| spa d | ||
| 100 | 1 |
_aKlein Knappe, Federico. _968223 |
|
| 245 | 1 | 0 |
_aNuevo diccionario técnico alemán español de las Ciencias Veterinarias / _cpor Federico Klein Knappe. |
| 260 |
_aMadrid : _b[s.n., _c1958] ( _fJulio San Martín) |
||
| 300 |
_a129 p. ; _c22 cm. |
||
| 500 | _aPrecede al tít.: Universidad de Madrid. Facultad de Farmacia. | ||
| 502 | _aTesis doctoral. | ||
| 710 | 2 |
_aUniversidad de Madrid. _bFacultad de Farmacia. _97213 |
|
| 852 |
_aES-MaACL _jC-14683 _bR.42587 |
||
| 999 |
_c86722 _d86722 |
||